Logo BPK

Bibliografia Prac Pracowników

Politechniki Koszalińskiej

Semi - empirical model of subcooled boiling in channel / (Rekord nr 837)

Szczegóły MARC
000 -ETYKIETA REKORDU
podpole kontrolne o stałej długości 01135naa a2200241 i 4500
001 - NUMER KONTROLNY REKORDU
podpole kontrolne BPP
003 - IDENTYFIKATOR NUMERU KONTROLNEGO REKORDU
podpole kontrolne BPK
005 - DATA OSTATNIEJ MODYFIKACJI REKORDU
podpole kontrolne 20180427104847.0
008 - POLE O STAŁEJ DŁUGOŚCI - DANE KONTROLNE
podpole kontrolne o stałej długości 140223s1998 pl f |100 0 pol
040 ## - ŹRÓDŁO KATALOGOWANIA
Instytucja, która utworzyła rekord BPK
041 ## - KOD JĘZYKA
Kod języka tekstu eng
080 ## - UNIWERSALNA KLASYFIKACJA DZIESIĘTNA - UKD
UKD 621.56/.59
100 ## - NAZWA OSOBOWA
Nazwa osobowa BOHDAL, Tadeusz.
Lata pracy 1996 - .
Instytucja Politechnika Koszalińska - Wydział Mechaniczny,
Wydział Zakład Termomechaniki i Chłodnictwa
245 ## - TYTUŁ/ODPOWIEDZIALNOŚĆ
Tytuł Semi - empirical model of subcooled boiling in channel /
Pozostałe elementy strefy tytułu i oznaczenia odpowiedzialności T. Bohdal, M. Czapp, K. Majka.
260 ## - STREFA ADRESU WYDAWNICZEGO
Data publikacji, dystrybucji/powstania dokumentu 1998.
500 ## - UWAGI OGÓLNE
Tekst uwagi Dane z bibliografii załącznikowej.
655 #0 - TERMIN INDEKSOWY - OKREŚLENIE RODZAJU/FORMY DOKUMENTU
Określnie rodzaju/formy dokumentu Materiały konferencyjne.
700 ## - HASŁO DODATKOWE - NAZWA OSOBOWA
Nazwa osobowa MAJKA, Krzysztof.
Lata pracy 1973 - 1996.
Instytucja Wyższa Szkoła Inżynierska w Koszalinie - Wydział Mechaniczny,
Wydział Zakład Termodynamiki i Chłodnictwa
700 ## - HASŁO DODATKOWE - NAZWA OSOBOWA
Nazwa osobowa CZAPP, Marian.
Lata pracy 1996 - 2004.
Instytucja Politechnika Koszalińska - Wydział Mechaniczny,
Wydział Zakład Termomechaniki i Chłodnictwa
711 ## - HASŁO DODATKOWE - NAZWA IMPREZY
Nazwa imprezy International Conference on Multiphase Flow ICMF'98
Oznaczenie części/sekcji dzieła (3 ;
Data imprezy 1998 ;
Miejsce imprezy Lyon, Francja).
Nazwa części/sekcji dzieła ICMF'98
773 ## - TYTUŁ DOKUMENTU MACIERZYSTEGO
Tytuł Preceedings of the Third International Conference on Multiphase Flow. -
Informacje dotyczące relacji 1998, s. 5.6-2
942 ## - HASŁO DODATKOWE - ELEMENTY(KOHA)
Typ dokumentu Artykuł
Schemat klasyfikacji Uniwersalna klasyfikacja dziesiętna

Brak dostępnych egzemplarzy.

© 2014 Biblioteka Politechniki Koszalińskiej :: BIBLIOGRAFIA PRAC PRACOWNIKÓW